000 01748nam0a2200385 i 4500
001 RU\NLR\bibl\1967145
005 20260407063742.0
010 _a9785905523212
_9500
021 _aRU
_b2012-81853
_96060
035 _a(NLR Aleph) 001956048
090 _a3760846
_c3760846
100 _a20121115d2012 u y0rusy50 ca
101 0 _arus
_aeng
102 _aRU
105 _aa |||||||||
200 1 _aАбсурд в "марксизме" и крах СССР
_eпочему РФ не мировой лидер по зарплатам, пенсиям и пособиям на детей
_fМукасьян С.П., Писарев В.М., Рукосуев Г.Н., Чистякова В.И.
210 _aМосква
_c[б. и.]
_d2012
215 _a218, [3] с.
_cил., портр.
_d20
300 _aЧасть текста на англ. яз.
320 _aБиблиогр.: с. 216-218 (43 назв.)
606 1 _aУровень жизни
_yСССР
_91674388
_3RU\NLR\AUTH\661041731
606 _aУровень жизни
_yРоссийская Федерация
_92073980
_3RU\NLR\AUTH\661248940
686 1 _aУ9(2)-94
701 1 _aМукасьян
_bС. П.
_gСергей Папчанович
_4070
701 1 _aПисарев
_bВ. М.
_gВладимир Матвеевич
_4070
701 1 _aРукосуев
_bГ. Н.
_gГавриил Николаевич
_4070
701 1 _aЧистякова
_bВ. И.
_gВалентина Ивановна
_4070
702 1 _4570
_7ca
_8rus
_aМаркс
_bК.
_f1818-1883
_gКарл
_9123526
_3RU\NLR\auth\7713844
801 0 _aRU
_bNLR
_c20121115
_gRCR
801 1 _aRU
_bNLR
_c20121115
830 _aавт. по кн.
942 _cBOOK
980 _aNBR